2022 Feature Films Released by Walt Disney Studios. - Statistics

General Stats
  • This quiz has been taken 7 times
  • The average score is 17 of 38
Answer Stats
Date Studio Director Answer % Correct
November 11, 2022 Marvel Studios Ryan Coogler Black Panther: Wakanda Forever
100%
May 6, 2022 Marvel Studios Sam Raimi Doctor Strange in the Multiverse of Madness
100%
July 8, 2022 Marvel Studios Taika Waititi Thor: Love and Thunder
100%
March 11, 2022 Pixar Domee Shi Turning Red
100%
November 24, 2022 Walt Disney Pictures Adam Shankman Disenchanted
75%
September 30, 2022 Walt Disney Pictures Anne Fletcher Hocus Pocus 2
75%
June 17, 2022 Pixar Angus MacLane Lightyear
75%
September 8, 2022 Walt Disney Pictures Robert Zemeckis Pinocchio
75%
October 7, 2022 20th Century Studios David O. Russel Amsterdam
50%
December 16, 2022 20th Century Studios James Cameron Avatar: The Way of Water
50%
April 1, 2022 Walt Disney Pictures Tim Federle Better Nate Than Ever
50%
February 11, 2022 20th Century Studios Kenneth Branagh Death on the Nile
50%
December 2, 2022 Walt Disney Pictures Swinton Scott Diary of a Wimpy Kid: Rodrick Rules
50%
June 3, 2022 Walt Disney Pictures Julia Hart Hollywood Stargirl
50%
April 22, 2022 Disneynature Alastair Fothergill, Jeff Wilson Polar Bear
50%
August 5, 2022 20th Century Studios Dan Trachtenberg Prey
50%
June 24, 2022 Walt Disney Pictures Akin Omotoso Rise
50%
November 23, 2022 Walt Disney Pictures Don Hall Strange World
50%
September 9, 2022 20th Century Studios Zach Cregger Barbarian
25%
September 9, 2022 Star Studios (20th Century U.S) Ayan Mukerji Brahmāstra: Part One – Shiva
25%
March 18, 2022 Walt Disney Pictures Gail Lerner Cheaper by the Dozen
25%
May 20, 2022 Walt Disney Pictures Akiva Schaffer Chip 'n Dale: Rescue Rangers
25%
December 9, 2022 Searchlight Pictures Sam Mendes Empire of Light
25%
June 3, 2022 Searchlight Pictures Andrew Ahn Fire Island
25%
March 4, 2022 Searchlight Pictures Mimi Cave Fresh
25%
June 17, 2022 Searchlight Pictures Sophie Hyde Good Luck to You, Leo Grande
25%
October 7, 2022 20th Century Studios David Bruckner Hellraiser
25%
March 18, 2022 Lucasfilm Gillian Jacobs More Than Robots
25%
February 25, 2022 20th Century Studios Damien Power No Exit
25%
July 29, 2022 Searchlight Pictures Quinn Shephard Not Okay
25%
October 14, 2022 20th Century Studios Karen Maine Rosaline
25%
September 16, 2022 Searchlight Pictures Tom George See How They Run
25%
October 21, 2022 Searchlight Pictures Martin McDonagh The Banshees of Inisherin
25%
January 30, 2022 Walt Disney Pictures Peter Jackson The Beatles: Get Back – The Rooftop Concert
25%
May 27, 2022 20th Century Studios Loren Bouchard, Bernard Derriman The Bob's Burgers Movie
25%
January 28, 2022 Walt Disney Pictures John C. Donkin The Ice Age Adventures of Buck Wild
25%
November 18, 2022 Searchlight Pictures Mark Mylod The Menu
25%
July 1, 2022 20th Century Studios Le-Van Kiet The Princess
25%
No matching quizzes found
Score Distribution
Percent of People with Each Score
Percentile by Number Answered
Your Score History
You have not taken this quiz